[Event "FRA-ch op-A"]
[Site "Narbonne"]
[Date "1997.??.??"]
[Round "8"]
[White "Grandidier, Raphael"]
[Black "Gaulin, Jean Pierre"]
[Result "1-0"]
[WhiteElo "1860"]
[BlackElo "1740"]
[PlyCount "35"]
[EventDate "1997.08.??"]
[EventType "swiss"]
[EventRounds "11"]
[EventCountry "FRA"]
[SourceTitle "EXT 2021"]
[Source "ChessBase"]
[SourceDate "2020.10.23"]
[SourceVersion "1"]
[SourceVersionDate "2020.10.23"]
[SourceQuality "1"]

1. e4 c5 2. f4 d6 3. Nf3 a6 4. d4 cxd4 5. Nxd4 Nc6 6. Nc3 Nf6 7. Be2 Bd7 8. Be3 e5 9. Nb3 b5 10. 0-0 Qc8 11. Nd5 Nxd5 12. exd5 Ne7 13. fxe5 dxe5 14. Bc5 a5 15. d6 Nf5 16. Qd5 f6 17. Rxf5 Bxf5 18. Bxb5+ 1-0